| 000 | 00611nam a2200181 a 4500 | ||
|---|---|---|---|
| 008 | 120416s1972 ||||||||||||||||| || u | ||
| 020 | _a0408702346 | ||
| 050 | _aTK 7868.S9 Dod | ||
| 100 | _aDodd, Kenneth Neilson | ||
| 245 | 1 | 0 | _aLogical Design for computers and control |
| 260 |
_aLondon: _bButterworths _c1972 |
||
| 300 | _a131p.: ill. | ||
| 350 | _a0.00 | ||
| 650 | 0 | _aDIGITAL ELECTRONICS | |
| 650 | _aCOMPUTERS | ||
| 650 | _aSWITCHING THEORY | ||
| 995 |
_D0.00 _FCBU-MAIN LIBRARY (Kitwe) _H1 _I8.95 _UAVAILABLE _ZMain Library Open Access Collection |
||
| 999 |
_c49480 _d49480 |
||